000 00562nam a22001937a 4500
003 KOHA_MİRAKIL
005 20251221175817.0
008 251221b tu ||||| |||| 00| 0 tur d
020 _a9786059706674
040 _aTR-AnABB
_btur
_cTR-AnABB
041 _atur
082 _a909.049435
_bTUR 2016
100 1 _aTürkdoğan, Orhan,
245 1 0 _aTürk toplumunun tarihsel kimliği ve günümüz sorunları /
_cOrhan Türkdoğan
260 _aKonya :
_bÇizgi Kitabevi,
_c2016
300 _a559 sayfa ;
_c24 cm
650 0 4 _aTarih
942 _2ddc
_cBK
999 _c9898
_d9898
900 _bGizem YORULMAZ